Brighton & Hove Albion Squad 2025-2026 - Statistics

General Stats
  • This quiz has been taken 386 times
    98 since last reset
  • The average score is 21 of 30
Answer Stats
# Position Nation Player % Correct
1 GK Netherlands Bart Verbruggen
93%
18 FW England Danny Welbeck
93%
22 FW Japan Kaoru Mitoma
93%
6 DF Netherlands Jan Paul van Hecke
90%
5 DF England Lewis Dunk
90%
11 FW Gambia Yankuba Minteh
90%
17 MF Cameroon Carlos Baleba
89%
10 FW France Georginio Rutter
84%
24 DF Turkey Ferdi Kadıoğlu
83%
26 MF Sweden Yasin Ayari
81%
30 MF Germany Pascal Groß
79%
25 MF Paraguay Diego Gómez
76%
20 MF England James Milner
76%
29 DF Belgium Maxim De Cuyper
73%
8 FW Germany Brajan Gruda
70%
- Coach Germany Fabian Hürzeler
69%
23 GK England Jason Steele
69%
34 DF Netherlands Joël Veltman
69%
13 MF England Jack Hinshelwood
67%
4 DF England Adam Webster
63%
19 FW Greece Charalampos Kostoulas
61%
27 MF Netherlands Mats Wieffer
60%
7 FW England Solly March
60%
21 DF France Olivier Boscagli
57%
3 DF Brazil Igor Julio
54%
9 FW Greece Stefanos Tzimas
53%
42 DF Italy Diego Coppola
51%
33 MF Denmark Matt O'Riley
51%
38 GK Canada Tom McGill
31%
14 FW England Tom Watson
27%
No matching quizzes found
Score Distribution
Percent of People with Each Score
Percentile by Number Answered
Your Score History
You have not taken this quiz since the last reset